| 000 | 00927nam a22003017a 4500 | ||
|---|---|---|---|
| 003 | CHAP | ||
| 005 | 20220329143734.0 | ||
| 008 | 110516s1977 us a r 00010 eng d | ||
| 010 | _a101185 | ||
| 011 | _a102157 | ||
| 020 | _a0471028754 | ||
| 035 | _a112845 | ||
| 040 | _cCHAP | ||
| 082 | 0 | 4 |
_a547 _bN28 |
| 100 | 0 | 0 |
_aNeckers, Douglas C. _980674 |
| 245 | 1 | 0 |
_aOrganic chemistry _c/por Douglas C. Neckers y Michael P. Doyle |
| 260 |
_aNew York : _bJohn Wiley & Sons, _c1977 |
||
| 300 |
_axxxvi, 1147 p. : _bilus. |
||
| 590 |
_aBATCH-UPD _b10 _c20130110 _lUCH01 _h1204 |
||
| 590 |
_aBATCH-UPD _b10 _c20130410 _lUCH01 _h0745 |
||
| 590 |
_aBATCH-UPD _b10 _c20130914 _lUCH01 _h1220 |
||
| 590 |
_aCONVERSION _b10 _c20130109 _lUCH01 _h1356 |
||
| 650 | 1 | 4 |
_aQuímica orgánica. _993598 |
| 700 | 0 |
_aDoyle, Michael P. _934139 |
|
| 901 | _aBK | ||
| 942 | _cLIBRO | ||
| 949 |
_a547 N28 _bBC _cLIBRO _d33724002254785 _eLIBRO _h114913 _i112845 _sb |
||
| 999 |
_c101185 _d101185 |
||